000 00614cim a22002411a 4500
001 12072172
005 20180126082047.0
007 sdufungnnmmned
007 sdufungnnmmnee
008 950202t19911989njunnn s d
010 _a 99590012
028 0 2 _aBBC CD SFX033
_bFilms for the Humanities & Sciences
035 _a(OCoLC)ocm31920512
040 _aTLM
_cTLM
_dCPL
_dDLC
041 _aeng
042 _alcderive
080 _a62
100 _a27
101 _aIM
245 0 0 _aAdventure sports
906 _a0
_bcbc
_ccopycat
_d3
_encip
_f19
_gy-soundrec
942 _2ddc
_cBK
999 _c41017
_d41017